Инженерные основы расчетов деталей машин: учебник

Dades bibliogràfiques
Altres autors: Гуревич Ю. Е. Юрий Ефимович, Выров Б. Я. Борис Яковлевич, Косов М. Г. Михаил Георгиевич, Кузнецов А. П. Александр Павлович
Sumari:Изложены инженерные основы методологии проведения проектных работ и методы расчета приводов, редукторов, коробок скоростей. Даны требуемые виды расчетов их деталей и узлов: зубчатых, червячных, цепных, ременных передач, валов, подшипников и других деталей и соединений. Приведены примеры расчетов по всему комплексу излагаемых методов. Содержит необходимый для практического использования вспомогательный материал: справочные данные, дополнительные формулы, таблицы, иллюстрации. Соответствует Федеральному государственному образовательному стандарту высшего профессионального образования третьего поколения.
Idioma:rus
Publicat: Москва, КноРус, 2013
Col·lecció:Бакалавриат
Matèries:
Format: MixedMaterials Llibre
KOHA link:https://koha.lib.tpu.ru/cgi-bin/koha/opac-detail.pl?biblionumber=233736

MARC

LEADER 00000nam0a2200000 4500
001 233736
005 20231101231251.0
010 |a 9785406014141 
035 |a (RuTPU)RU\TPU\book\254817 
090 |a 233736 
100 |a 20130311d2013 m y0rusy50 ca 
101 0 |a rus 
102 |a RU 
105 |a a j 001zy 
200 1 |a Инженерные основы расчетов деталей машин  |e учебник  |f Ю. Е. Гуревич [и др.] 
210 |a Москва  |c КноРус  |d 2013 
215 |a 478 с.  |c ил. 
225 1 |a Бакалавриат 
320 |a Библиогр.: с. 477-478. 
330 |a Изложены инженерные основы методологии проведения проектных работ и методы расчета приводов, редукторов, коробок скоростей. Даны требуемые виды расчетов их деталей и узлов: зубчатых, червячных, цепных, ременных передач, валов, подшипников и других деталей и соединений. Приведены примеры расчетов по всему комплексу излагаемых методов. Содержит необходимый для практического использования вспомогательный материал: справочные данные, дополнительные формулы, таблицы, иллюстрации. Соответствует Федеральному государственному образовательному стандарту высшего профессионального образования третьего поколения. 
606 1 |a Детали машин  |x Расчеты  |2 stltpush  |3 (RuTPU)RU\TPU\subj\72376  |9 85925 
610 1 |a машины 
610 1 |a узлы 
610 1 |a передачи 
610 1 |a параметры 
610 1 |a фрикционные передачи 
610 1 |a зубчатые передачи 
610 1 |a червячные передачи 
610 1 |a цепные передачи 
610 1 |a ременные передачи 
610 1 |a валы 
610 1 |a оси 
610 1 |a подшипники качения 
610 1 |a подшипники скольжения 
610 1 |a муфты 
610 1 |a соединения 
610 1 |a резьбовые соединения 
610 1 |a кинематические расчеты 
610 1 |a инженерные расчеты 
610 1 |a вариантное проектирование 
610 1 |a проектировочные расчеты 
610 1 |a учебники 
675 |a 621.81.001.24(075.8)  |v 3 
701 1 |a Гуревич  |b Ю. Е.  |g Юрий Ефимович 
701 1 |a Выров  |b Б. Я.  |g Борис Яковлевич 
701 1 |a Косов  |b М. Г.  |g Михаил Георгиевич 
701 1 |a Кузнецов  |b А. П.  |g Александр Павлович 
801 1 |a RU  |b 63413507  |c 20130311 
801 2 |a RU  |b 63413507  |c 20150812  |g RCR 
900 |a Расчет и конструирование технологического оборудования 
900 |a Детали машин и основы конструирования 
942 |c BK 
951 |b 151900  |b 151000